000 00633nam a22001577a 4500
008 170309b xxu||||| |||| 00| 0 eng d
082 _22016
_aUT 0704
_bC12
100 _919230
_aCalibay, Genessa B.
245 _aParental Involvement And English Proficiency Of Grade & Students in Sta. Maria National High School.
_cGenessa b. Calibay, Sharlen Rose N. Lapeña and Carol Mae S. Domingo.
300 _a62 pages;
_b29 cm.
650 0 _919231
_aEducation
_vEnglish
_xUndergraduate Thesis.
700 _919232
_aCalibay, Genessa B.
700 _919233
_aLapeña, Sharlen Rose N.
700 _919234
_aDomingo, Carol Mae S.
942 _2ddc
_cUT
999 _c6381
_d6381